000 00249nam a2200097Ia 4500
001 1158247
005 20250827011258.0
008 250824s9999 xx 000 0 und d
245 0 _aSİS NASIL OLSA DAĞILIR
_cAHMET MELİH KARAUĞUZ
260 _bKETEBE
999 _c1158247
_d1158247